000 00531nam a2200181Ia 4500
999 _c16601
_d16601
003 OSt
005 20200606115943.0
008 190216s9999||||xx |||||||||||||| ||und||
020 _a818838433X
040 _cMESKC library
082 _a891.43
_bMAL/A
100 _aMalhothra, Rashim
_9334
245 0 _aAdhunik Hindi Sahithya Vivith Ayaam /
_cRashim Malhothra
260 _bJeevan Jyothi Prakashan,
_aDelhi:
_c2009.
300 _a204p
650 _aHindi
942 _cBK
_2ddc
_h891.43
_iMAL/A
_k891.43
_mMAL/A